000 00585nam a22001937a 4500
003 KOHA_MİRAKIL
005 20250414173405.0
008 250414b tu ||||| |||| 00| 0 tur d
020 _a9786051214191
040 _aTR-AnABB
_btur
_cTR-AnABB
041 _atur
082 _a813.42
_bSEH 2015
100 1 _aŞehsuvaroğlu, Lütfü,
245 1 0 _aErguvan tahtındaki lanetin sırrı Kösem Sultan'ın yüzüğü /
_cLütfü Şehsuvaroğlu
260 _aAnkara :
_bElips Kitap,
_c2015
300 _a301 sayfa ;
_c21 cm
650 0 4 _aTürk edebiyatı, roman
942 _2ddc
_cBK
999 _c8691
_d8691
900 _bGizem YORULMAZ